000 00995nam a22003377a 4500
001 BR7301376
003 BR-BrBNA
005 20230928083854.0
007 ta
008 230509b bl.||||| |||| 00| 0 por d
040 _aBR-BrBNA
_bpor
_cBiblioteca Nacional de Agricultura
041 _a(Por)
072 _aF25; F22; E15
_b0150
_b/G514
090 _ 0150 BR7301376
110 1 _aAssociacao de Credito e Assistencia Rural do Estado do Maranhao, Sao Luis (Brasil)
_9490
245 1 _aResultados ensaios demonstrativos 1973/74: Arroz [Rendimento; Adubacao; Calagem; Maranhao; Brasil]
_bProjeto FAO/ABCAR/ANDA/BNB/MA
260 3 _aSao Luis, MA (Brasil):
_c1974.
300 _a5 p.
500 _aNumerical data
650 _aFERTILIZANTE
650 _aARROZ
650 _aRENDIMENTO
650 _aADUBACAO
650 _aCALAGEM
650 _aANALISE DO SOLO
650 _aCUSTO
650 _aLUCRO
650 _aMARANHAO
909 _a202309
_bLucia
_c55
_dLucia Elande
942 _cBK
999 _c15620
_d15620